000 01031nam a22003257a 4500
003 CHAP
005 20220329140647.0
008 971013s1962 r 00010 d
010 _a55567
011 _a56539
035 _a60692
040 _cCHAP
090 _aFolleto 946
100 0 0 _aScott, Bruce I. H.
_9103366
245 _aElectricity in plants
260 _aSan Francisco :
_bFreeman,
_c1962
300 _a10 p.
_b: ilus.
490 _aScientific American Offprints
_v; 136
500 _aReprintd from Scientific America, October 1962
590 _aBATCH-UPD
_b10
_c20130110
_lUCH01
_h0015
590 _aBATCH-UPD
_b10
_c20130110
_lUCH01
_h0525
590 _aBATCH-UPD
_b10
_c20130410
_lUCH01
_h1600
590 _aBATCH-UPD
_b10
_c20130914
_lUCH01
_h1918
590 _aCONVERSION
_b10
_c20130109
_lUCH01
_h1330
650 1 4 _aPlantas
_xPropiedades eléctricas.
_988878
830 0 _aScientific American Offprints
_v; 136
_9103328
901 _aBK
942 _cFOLL
949 _aFolleto 946
_bBC
_cFOLL
_d-130662
_eTS1
_i60692
_si
999 _c55567
_d55567